000 00308nam a22001337a 4500
082 _a894.812.3
_bPIS/P
100 _aPISHARADI,KRISHNA
245 _aPANCHATHANTHRAM KATHAKAL
250 _a16
260 _aTHRISSUR
_bH&C PUBLISHING HOUSE
_c2003
300 _a122
650 _aSHORT STORY
_zKERALA
942 _cBK
999 _c1385
_d1385